Torschützenliste der Ligue 1 2015-2016 - Statistiken

Allgemein
  • Dieses Quiz wurde 15 mal gespielt
  • Das Durchschnittsergebnis liegt bei 4 aus 10
Antwortstatistiken
Tore Nationalität Verein Spieler % Korrekt
19 Uruguay Paris Saint-Germain Edinson Cavani
100%
38 Schweden Paris Saint-Germain Zlatan Ibrahimović
100%
21 Frankreich Olympique Lyon Alexandre Lacazette
92%
17 Belgien Olympique Marseille Michy Batshuayi
46%
17 Frankreich OGC Nizza Hatem Ben Arfa
31%
12 Frankreich SM Caen Andy Delort
8%
12 Frankreich Stade Rennes Ousmane Dembélé
8%
13 Camerun FC Lorient Benjamin Moukandjo
0%
14 Frankreich OGC Nizza Valère Germain
0%
17 Frankreich FC Toulouse Wissam Ben Yedderlouse
0%
Keine übereinstimmenden Quizze gefunden
Verteilung der Resultate
Anzahl Personen mit jedem Resultat
Perzentil nach korrekt beantworteten Fragen
Ihre Resultats-Entwicklung
Sie haben dieses Quiz noch nicht gespielt